[Event "Challenge"]
[Site "http://www.queenalice.com/game.php?id=1770631"]
[Date "2021.9.24"]
[Round "-"]
[White "jw16js"]
[Black "Scaracioli"]
[Result "0-1"]
[WhiteElo "1583"]
[BlackElo "1667"]

1. e4 e5 2. c3 c6 3. b4 Nf6 4. Qf3 d5 5. exd5 cxd5 6. h3 Be6 7. Bb5+ Bd7 8.
Bxd7+ Nbxd7 9. Ne2 Bd6 10. d4 e4 11. Qe3 h6 12. Nd2 g5 13. g4 b5 14. f3 Qc7 15.
Nb3 a6 16. Na5 O-O 17. Bb2 Qb6 18. O-O Bc7 19. Rf2 Rab8 20. Rg2 Rfe8 21. Bc1 Qe6
22. Nb3 Qb6 23. Ng3 Bxg3 24. Rxg3 Re7 25. Nc5 Nxc5 26. dxc5 Qc6 27. Bd2 Qc7 28.
Kf2 exf3 29. Qxf3 Ne4+ 30. Kg1 Nxg3 31. Be1 Ne4 32. Rd1 Qc6 33. Qe3 Rbe8 34. Qd4
Re5 35. Kf1 f5 36. Rd3 f4 37. Kg2 Nxc3 38. Qxc3 d4+ 39. Kh2 dxc3 40. Bxc3 Re2+
0-1

[Event "Ceará  2"]
[Site "http://www.queenalice.com/game.php?id=1775977"]
[Date "2021.12.1"]
[Round "-"]
[White "chyco"]
[Black "jw16js"]
[Result "1-0"]
[WhiteElo "1615"]
[BlackElo "1434"]

1. e4 e5 2. c3 Nc6 3. d3 b6 4. b4 a6 5. a3 g6 6. Nf3 b5 7. h4 Qf6 8. g4 h6 9.
Be3 Nge7 10. Nbd2 Bb7 11. Nb3 Ng8 12. Bc1 Nge7 13. Nc5 Bc8 14. a4 bxa4 15. Nxa4
d5 16. Bh3 d4 17. Bd2 Qd6 18. Rb1 Rb8 19. c4 Na7 20. c5 Qc6 21. Nxe5 Qf6 22. Nf3
Nec6 23. Bc1 Nxb4 24. Ba3 1-0

[Event "St.Lawrence"]
[Site "http://www.queenalice.com/game.php?id=1777204"]
[Date "2021.12.14"]
[Round "-"]
[White "jw16js"]
[Black "zubarev"]
[Result "0-1"]
[WhiteElo "1544"]
[BlackElo "2036"]

1. c3 e5 2. e4 Nf6 3. Bd3 d6 4. Nf3 Bg4 5. Qa4+ Nc6 6. b4 Bd7 7. b5 Ne7 8. c4
Ng6 9. Ng5 Be7 10. Nc3 a6 11. Nd5 Nxd5 12. Nf3 Nf6 13. h3 O-O 14. Bb2 c6 15. Bc3
axb5 16. Qc2 Qb6 17. g4 Nf4 18. Bf1 Be6 19. Nh2 Qc5 20. a3 Bxc4 21. Bxc4 Qxc4
22. d3 Qxd3 23. Qxd3 Nxd3+ 24. Ke2 Nf4+ 25. Kf3 Ra4 26. g5 Nxe4 27. h4 Nxc3 28.
Rhe1 Nh5 29. Ng4 Rf4+ 30. Kg2 Rxg4+ 31. Kh3 Rf4 32. Re3 Ne4 33. f3 Neg3 34. Rg1
Nf5 35. Rb3 Rxh4+ 36. Kg2 Nd4 37. Rd3 Nf4+ 38. Kg3 Bxg5 39. Rdd1 Nde2+ 40. Kf2
Rh2+ 41. Ke1 Nxg1 42. Rxd6 Re2+ 43. Kd1 Nxf3 44. Kc1 e4 45. Rd1 Nd3+ 46. Kb1 Bf6
47. a4 Rb2+ 48. Ka1 Ra8 0-1